El Matrimonio

Xehetasun bibliografikoak
Egile nagusia: Menéndez Menéndez, Emilio
Formatua: Kit
Hizkuntza:Spanish
Edizioa:2a ed.
Saila:Biblioteca jurídica de autores cubanos y extranjeros
Gaiak:

MARC

LEADER 00000csc a2200000 a 4500
001 94857
005 20230308212712.0
008 000000|1939 ||||||||r|||||||||||spa||
040 |b spa 
041 1 |a spa 
082 0 |a 346.016 
100 1 |a Menéndez Menéndez, Emilio  |9 69550 
245 |a El Matrimonio  |c Emilio Menéndez Menéndez  |h imp 
250 |a 2a ed. 
264 |a La Habana  |b Jesús Montero, Editor  |c 1939 
300 |a 385 páginas:  |c 24 cm 
490 |a Biblioteca jurídica de autores cubanos y extranjeros  |n v. 52 
650 |a Derecho civil  |9 1231 
650 |a Matrimonio  |9 1229 
650 |a Nulidad del matrimonio  |9 53353 
650 |a Disolucion matrimonial  |9 138201 
852 |a UC-CDJBV  |c ESTANTERIA CERRADA  |f Compra  |k sara.alvarado  |l 1  |m General  |p 00000000  |r 2  |t 94857  |b 0  |d CDRC  |e CDRC  |g 346.016 ESTANTERIA CERRADA  |z 0000-00-00 
942
999 |c 122934  |d 122934